Statistics for Video Games by Hint

Click here to take the quiz!

General Stats

  • This quiz has been taken 30 times
  • The average score is 7 of 10

Answer Stats

Hint Answer % Correct
Fight, Build, and have fun in this block gameMinecraft
96%
Have Ghosts chase you in this dotted gamePAC Man
85%
Race around tracks and get power ups to get 1st placeMario Kart
81%
First Person Shooter with gamemodes including zombiesCall Of Duty
77%
The first video game that included MarioDonkey Kong
69%
Create levels for friends to play as the face of NintendoSuper Mario Maker
54%
2D version of game aboveTerraria
50%
Xbox exclusive game similar to game aboveHalo
50%
Football in video game versionMadden
50%
Pop balloons with monkeys in this gameBloons Tower Defense
38%

Score Distribution

Percentile by Number Answered

Percent of People with Each Score

Your Score History

You have not taken this quiz